|
|
|
|
| LEADER |
00763cam a2200193 7i4500 |
| 001 |
0000016039 |
| 005 |
20170218090000.0 |
| 008 |
070627 bm |
| 090 |
0 |
0 |
|a TK5103.3
|b .S25 2005
|
| 100 |
0 |
|
|a Saliyana Tukiran
|
| 245 |
1 |
0 |
|a Penggunaan 'bluetooth' dalam pembelajaran :
|b tinjauan di UNISEL
|c Saliyana binti Tukiran.
|
| 260 |
|
|
|a Bestari Jaya, Selangor:
|b UNISEL,
|c 2005.
|
| 300 |
|
|
|a viii, 44 p.;
|c 30 cm.
|
| 610 |
2 |
|
|a Universiti Industri Selangor
|
| 650 |
0 |
0 |
|a Project, Academic
|
| 650 |
0 |
0 |
|a Computer network protocols
|
| 650 |
0 |
0 |
|a Bluetooth technology
|
| 997 |
|
|
|a Communication, Visual Art & Computing, Faculty
|b Computing, Department
|
| 999 |
|
|
|a PRC0000097
|b PROJECT REPORT COLLECTION
|c PROJECT REPORT COLLECTION
|e Thesis Room, Bestari Jaya
|